[Event "Steinfurt Bezirksliga 1819"]
[Site "Germany"]
[Date "2019.03.16"]
[Round "8.6"]
[White "Overmeyer, Juergen"]
[Black "Weiermann, Ewald"]
[Result "0-1"]
[WhiteElo "1552"]
[BlackElo "1544"]
[PlyCount "133"]
[EventDate "2018.09.01"]
[EventType "team-tourn"]
[EventRounds "10"]
[EventCountry "GER"]
[SourceTitle "EXT 2020"]
[Source "ChessBase"]
[SourceDate "2019.10.17"]
[SourceVersion "1"]
[SourceVersionDate "2019.10.17"]
[SourceQuality "1"]
[WhiteTeam "Emsdetten Rochade IV"]
[BlackTeam "Steinfurt II"]
[WhiteTeamCountry "GER"]
[BlackTeamCountry "GER"]

1. e4 e6 2. d4 d5 3. exd5 exd5 4. Nf3 Nf6 5. Bg5 Be7 6. Bd3 0-0 7. 0-0 h6 8. Bh4 Bg4 9. Nbd2 Nc6 10. c3 Re8 11. h3 Bxf3 12. Nxf3 Ne4 13. Bxe7 Rxe7 14. Qc2 Re8 15. a3 a6 16. Rad1 Ng5 17. Nh2 Qd6 18. Rfe1 Kf8 19. h4 Ne6 20. g3 Re7 21. Ng4 Rae8 22. Qd2 Ned8 23. Rxe7 Rxe7 24. Ne3 Re8 25. Bb1 Ne7 26. h5 Ne6 27. f4 Ng8 28. Nf5 Qd8 29. Re1 Nf6 30. Qh2 c6 31. Ne3 Qc7 32. Qh4 Qd8 33. Ng4 Nxg4 34. Qxg4 Qf6 35. Qf5 Qxf5 36. Bxf5 Re7 37. Kf2 Ke8 38. Kf3 Kd7 39. Kf2 Kd6 40. Bh3 a5 41. Bg2 b6 42. b3 Nc7 43. Rxe7 Kxe7 44. Bf1 Kd6 45. f5 Ne8 46. Be2 Nf6 47. Bf3 c5 48. Ke3 b5 49. dxc5+ Kxc5 50. Kd3 b4 51. axb4+ axb4 52. c4 d4 53. Ke2 Nd7 54. Kd2 Ne5 55. Be2 f6 56. Kc2 Nf7 57. Bf3 Ne5 58. Be2 Nf7 59. Bf3 Nd6 60. g4 Nf7 61. Bg2 Ne5 62. Bh3 d3+ 63. Kd1 Kd4 64. Bg2 Nd7 65. Kd2 Nc5 66. Bf1 Nxb3+ 67. Kd1 0-1

[Event "Steinfurt Bezirksliga 1819"]
[Site "Germany"]
[Date "2018.09.01"]
[Round "1.7"]
[White "Meier, Josef"]
[Black "Weiermann, Ewald"]
[Result "0-1"]
[WhiteElo "1339"]
[BlackElo "1544"]
[PlyCount "56"]
[EventDate "2018.09.01"]
[EventType "team-tourn"]
[EventRounds "10"]
[EventCountry "GER"]
[SourceTitle "EXT 2020"]
[Source "ChessBase"]
[SourceDate "2019.10.17"]
[SourceVersion "1"]
[SourceVersionDate "2019.10.17"]
[SourceQuality "1"]
[WhiteTeam "Steinfurt III"]
[BlackTeam "Steinfurt II"]
[WhiteTeamCountry "GER"]
[BlackTeamCountry "GER"]

1. f4 e6 2. e4 d5 3. e5 Ne7 4. d4 Ng6 5. Nf3 c5 6. c3 cxd4 7. Nxd4 Bd7 8. Bd3 Be7 9. 0-0 Nc6 10. Be3 Bc5 11. Kh1 Qb6 12. Bxg6 hxg6 13. b4 Bxd4 14. Bxd4 Nxd4 15. Qxd4 Qxd4 16. cxd4 Rc8 17. Rd1 Ba4 18. Re1 Rc4 19. g3 Rxb4 20. Nc3 Rxd4 21. Rac1 Bc6 22. Nb5 Rd2 23. Nd6+ Kd7 24. h4 d4+ 25. Kg1 Rg2+ 26. Kf1 Rxg3 27. Nxf7 Rxh4 28. Red1 Rxf4+ 0-1

[Event "Steinfurt Bezirksliga 1415"]
[Site "Germany"]
[Date "2015.03.14"]
[Round "7.7"]
[White "Schellmann, Mareike"]
[Black "Weiermann, Ewald"]
[Result "1/2-1/2"]
[WhiteElo "1502"]
[BlackElo "1570"]
[PlyCount "45"]
[EventDate "2014.09.06"]
[EventType "team-tourn"]
[EventRounds "9"]
[EventCountry "GER"]
[SourceTitle "EXT 2016"]
[Source "ChessBase"]
[SourceDate "2015.10.08"]
[SourceVersion "1"]
[SourceVersionDate "2015.10.08"]
[SourceQuality "1"]
[WhiteTeam "Emsdetten Rochade III"]
[BlackTeam "Steinfurt II"]
[WhiteTeamCountry "GER"]
[BlackTeamCountry "GER"]

1. e4 e6 2. d3 d5 3. Nd2 c5 4. Ngf3 Nc6 5. g3 Nf6 6. Bg2 Be7 7. 0-0 0-0 8. Ne1 e5 9. f4 Bg4 10. Nef3 dxe4 11. dxe4 exf4 12. gxf4 Nd4 13. c3 Nxf3+ 14. Bxf3 Bxf3 15. Qxf3 Qd7 16. e5 Qg4+ 17. Qxg4 Nxg4 18. Ne4 Rfd8 19. h3 Nh6 20. f5 Rd5 21. Bxh6 gxh6 22. Rae1 Rxe5 23. Rf4 1/2-1/2

[Event "Steinfurt Bezirksliga 1415"]
[Site "Germany"]
[Date "2014.09.27"]
[Round "2.7"]
[White "Buelter, Heinz"]
[Black "Weiermann, Ewald"]
[Result "0-1"]
[WhiteElo "1338"]
[BlackElo "1570"]
[PlyCount "85"]
[EventDate "2014.09.06"]
[EventType "team-tourn"]
[EventRounds "9"]
[EventCountry "GER"]
[SourceTitle "EXT 2016"]
[Source "ChessBase"]
[SourceDate "2015.10.08"]
[SourceVersion "1"]
[SourceVersionDate "2015.10.08"]
[SourceQuality "1"]
[WhiteTeam "Neuenkirchen II"]
[BlackTeam "Steinfurt II"]
[WhiteTeamCountry "GER"]
[BlackTeamCountry "GER"]

1. c4 e6 2. e4 d5 3. exd5 exd5 4. d4 Nf6 5. Nc3 Bb4 6. Bg5 Be6 7. c5 0-0 8. Nf3 h6 9. Bh4 Bg4 10. Be2 Bxf3 11. Bxf3 Qe8+ 12. Be2 Ne4 13. Qc2 Nc6 14. Rd1 Qe6 15. 0-0 Nxc3 16. bxc3 Bxc3 17. Bf3 Bxd4 18. Rfe1 Qd7 19. Qb3 Rfe8 20. Rf1 Bxc5 21. Bxd5 Bd6 22. Qxb7 Nb4 23. Qxa8 Rxa8 24. Bxa8 Nxa2 25. Rb1 Qc8 26. Bf3 Nb4 27. h3 f5 28. Rfd1 g5 29. Rxd6 cxd6 30. Bxg5 hxg5 31. Rxb4 Qc5 32. Rb8+ Kg7 33. Bh5 d5 34. Rb7+ Kh6 35. g4 fxg4 36. hxg4 d4 37. Rf7 d3 38. Rf6+ Kg7 39. Rf7+ Kg8 40. Rf5 Qc1+ 41. Kh2 d2 42. Rxg5+ Kh8 43. Bf7 0-1

[Event "Steinfurt Bezirksliga 1213"]
[Site "Germany"]
[Date "2013.02.02"]
[Round "6.3"]
[White "Weiermann, Ewald"]
[Black "Holstegge, Ludger"]
[Result "0-1"]
[WhiteElo "1636"]
[BlackElo "1863"]
[PlyCount "84"]
[EventDate "2012.09.22"]
[EventType "team-tourn"]
[EventRounds "9"]
[EventCountry "GER"]
[SourceTitle "EXT 2015"]
[Source "ChessBase"]
[SourceDate "2014.11.20"]
[SourceVersion "1"]
[SourceVersionDate "2014.11.20"]
[SourceQuality "1"]
[WhiteTeam "Steinfurt II"]
[BlackTeam "Nordwalde"]
[WhiteTeamCountry "GER"]
[BlackTeamCountry "GER"]

1. d4 d5 2. e3 Nf6 3. c4 e6 4. Nc3 Be7 5. Nf3 0-0 6. Be2 c6 7. 0-0 dxc4 8. Bxc4 b5 9. Bd3 Bb7 10. a3 Nbd7 11. Ne4 a6 12. Nxf6+ Nxf6 13. Be2 Qc7 14. b4 a5 15. Bd2 axb4 16. Bxb4 Bxb4 17. axb4 Rxa1 18. Qxa1 Ra8 19. Qb1 Qd6 20. Rc1 Nd5 21. Ng5 f5 22. Bf3 h6 23. Bxd5 hxg5 24. Bb3 Kf8 25. Rc5 Bc8 26. g3 Bd7 27. Bd1 g4 28. f3 gxf3 29. Bxf3 g5 30. g4 Kg7 31. gxf5 exf5 32. Qb2 Qf6 33. Qc3 Ra6 34. Qc2 f4 35. Qd2 g4 36. Be4 Ra1+ 37. Rc1 fxe3 38. Qc2 Rxc1+ 39. Qxc1 Qf2+ 40. Kh1 Qd2 41. Qa1 e2 42. d5+ Kf7 0-1

[Event "Steinfurt Bezirksliga 1011"]
[Site "Germany"]
[Date "2011.03.05"]
[Round "6.4"]
[White "Rogowski, Friedrich"]
[Black "Weiermann, Ewald"]
[Result "1/2-1/2"]
[WhiteElo "1668"]
[BlackElo "1620"]
[PlyCount "27"]
[EventDate "2010.10.02"]
[EventType "team-tourn"]
[EventRounds "9"]
[EventCountry "GER"]
[SourceTitle "EXT 2012"]
[Source "ChessBase"]
[SourceDate "2011.11.24"]
[SourceVersion "1"]
[SourceVersionDate "2011.11.24"]
[SourceQuality "1"]
[WhiteTeam "Saerbeck II"]
[BlackTeam "Steinfurt II"]
[WhiteTeamCountry "GER"]
[BlackTeamCountry "GER"]

1. e4 e6 2. d4 d5 3. e5 c5 4. c3 Nc6 5. Bb5 Bd7 6. Nf3 cxd4 7. Bxc6 Bxc6 8. cxd4 Qb6 9. 0-0 Ne7 10. Nc3 Nf5 11. Na4 Qb4 12. Nc3 Be7 13. a3 Qb6 14. Na4 1/2-1/2

[Event "Steinfurt Bezirksliga 0809"]
[Site "Germany"]
[Date "2009.01.17"]
[Round "5.5"]
[White "Lange, Antonius"]
[Black "Weiermann, Ewald"]
[Result "0-1"]
[WhiteElo "1607"]
[BlackElo "1624"]
[PlyCount "96"]
[EventDate "2008.09.27"]
[EventType "team-tourn"]
[EventRounds "9"]
[EventCountry "GER"]
[SourceTitle "EXT 2010"]
[Source "ChessBase"]
[SourceDate "2010.11.25"]
[SourceVersion "1"]
[SourceVersionDate "2010.11.25"]
[SourceQuality "1"]
[WhiteTeam "Emsdetten Turm III"]
[BlackTeam "Steinfurt II"]
[WhiteTeamCountry "GER"]
[BlackTeamCountry "GER"]

1. d4 d5 2. c4 e6 3. Nc3 Nf6 4. Nf3 Bb4 5. e3 0-0 6. Bd3 dxc4 7. Bxc4 Nc6 8. 0-0 b6 9. Re1 Bb7 10. Qc2 Ne7 11. Be2 Ned5 12. a3 Nxc3 13. bxc3 Bd6 14. Bd3 Bxf3 15. gxf3 e5 16. dxe5 Bxe5 17. e4 Qd6 18. h3 Rad8 19. Be2 Nh5 20. Kh1 Nf4 21. Bxf4 Bxf4 22. Red1 Qc5 23. Bf1 Bd6 24. Rd5 Qc6 25. Rad1 Be7 26. Rxd8 Bxd8 27. Rd5 Qf6 28. Qd3 g6 29. e5 Qh4 30. Qd4 c5 31. Qe3 Bg5 32. Qe2 Rd8 33. c4 Kf8 34. Kg2 Be7 35. Qd3 Rxd5 36. cxd5 Qg5+ 37. Kh1 Qxe5 38. Qb3 Bd6 39. f4 Qxf4 40. Qg3 Qxg3 41. fxg3 Bxg3 42. Bb5 Ke7 43. Kg2 Be5 44. Kf3 f5 45. a4 Kd6 46. Bc6 c4 47. Ke3 c3 48. Kd3 f4 0-1

[Event "Steinfurt Bezirksliga 0708"]
[Site "Germany"]
[Date "2008.02.23"]
[Round "6.1"]
[White "Guennigmann, Stefan"]
[Black "Weiermann, Ewald"]
[Result "1-0"]
[WhiteElo "1773"]
[BlackElo "1638"]
[PlyCount "65"]
[EventDate "2007.09.22"]
[EventType "team-tourn"]
[EventRounds "9"]
[EventCountry "GER"]
[SourceTitle "EXT 2009"]
[Source "ChessBase"]
[SourceDate "2008.11.26"]
[SourceVersion "1"]
[SourceVersionDate "2008.11.26"]
[SourceQuality "1"]
[WhiteTeam "Saerbeck II"]
[BlackTeam "Steinfurt II"]
[WhiteTeamCountry "GER"]
[BlackTeamCountry "GER"]

1. d4 e6 2. c4 d5 3. Nf3 Nf6 4. Nc3 Be7 5. e3 0-0 6. Bd3 dxc4 7. Bxc4 c5 8. 0-0 Nc6 9. dxc5 Bxc5 10. a3 a6 11. b4 Be7 12. Qe2 b5 13. Rd1 Qc7 14. Ba2 Nxb4 15. Nxb5 axb5 16. axb4 Qb6 17. Rb1 Ne4 18. Rd3 Ra4 19. Bb3 Ra7 20. Bc2 Rc7 21. Rdb3 Bb7 22. Bb2 Rfc8 23. Bd4 Qa6 24. Bd3 Rc1+ 25. Ne1 Nc3 26. Bxc3 R8xc3 27. Rxc3 Rxc3 28. Qh5 g6 29. Qxb5 Qa2 30. Qxb7 Rxd3 31. Qc8+ Rd8 32. Qc2 Rb8 33. Qxa2 1-0

[Event "Steinfurt Bezirksliga 0708"]
[Site "Germany"]
[Date "2007.12.01"]
[Round "4.1"]
[White "Hokamp, Sascha"]
[Black "Weiermann, Ewald"]
[Result "1-0"]
[WhiteElo "2114"]
[BlackElo "1638"]
[PlyCount "85"]
[EventDate "2007.09.22"]
[EventType "team-tourn"]
[EventRounds "9"]
[EventCountry "GER"]
[SourceTitle "EXT 2009"]
[Source "ChessBase"]
[SourceDate "2008.11.26"]
[SourceVersion "1"]
[SourceVersionDate "2008.11.26"]
[SourceQuality "1"]
[WhiteTeam "Reckenfeld"]
[BlackTeam "Steinfurt II"]
[WhiteTeamCountry "GER"]
[BlackTeamCountry "GER"]

1. Nf3 e6 2. g3 d5 3. Bg2 Nf6 4. 0-0 c5 5. c4 Nc6 6. d3 Be7 7. Nc3 0-0 8. Bf4 Bd6 9. Bg5 Be7 10. Rc1 h6 11. Bf4 Nh5 12. Bd2 Nf6 13. a3 b6 14. cxd5 exd5 15. d4 c4 16. Qc2 Be6 17. Bf4 Bd6 18. Bxd6 Qxd6 19. e3 a6 20. Ne2 Rab8 21. Nf4 Rfd8 22. Nd2 b5 23. Nb3 Nd7 24. e4 Ne7 25. e5 Qb6 26. Nd2 Qxd4 27. Nf3 Qb6 28. Nxe6 fxe6 29. Bh3 Rf8 30. Nh4 Nc5 31. Qe2 Nd3 32. Rc2 Rxf2 33. Rxf2 Rf8 34. Nf3 Nxf2 35. Qxf2 Qc7 36. Bxe6+ Kh8 37. Qe2 Qc6 38. Ng5 Nf5 39. Nf7+ Kh7 40. Bxf5+ g6 41. e6 gxf5 42. Qe5 Qc5+ 43. Rf2 1-0

[Event "Steinfurt Bezirksliga 0607"]
[Site "Germany"]
[Date "2006.12.02"]
[Round "4.1"]
[White "Weiermann, Ewald"]
[Black "Lachmuth, Mathias"]
[Result "1/2-1/2"]
[WhiteElo "1641"]
[BlackElo "1764"]
[PlyCount "77"]
[EventDate "2006.09.09"]
[EventType "team-tourn"]
[EventRounds "9"]
[EventCountry "GER"]
[SourceTitle "EXT 2008"]
[Source "ChessBase"]
[SourceDate "2007.11.25"]
[SourceVersion "1"]
[SourceVersionDate "2007.11.25"]
[SourceQuality "1"]
[WhiteTeam "Steinfurt II"]
[BlackTeam "Emsdetten Rochade III"]
[WhiteTeamCountry "GER"]
[BlackTeamCountry "GER"]

1. d4 b5 2. e3 Bb7 3. Nf3 a6 4. c4 b4 5. Bd2 e6 6. Be2 Nf6 7. c5 a5 8. a3 Nc6 9. 0-0 Be7 10. Bb5 Nd5 11. Bxc6 Bxc6 12. Ne5 Bb5 13. Re1 d6 14. cxd6 cxd6 15. Nf3 0-0 16. e4 Nf6 17. axb4 axb4 18. Rxa8 Qxa8 19. Bxb4 Nxe4 20. Nc3 Nxc3 21. bxc3 Bc6 22. Re3 Re8 23. c4 Rb8 24. Bc3 Qa2 25. Nd2 Bg5 26. Re1 Bxd2 27. Qxd2 Qxc4 28. Rc1 Qd5 29. f3 Ra8 30. Ra1 Rxa1+ 31. Bxa1 Qc4 32. Qc3 Bb5 33. Qxc4 Bxc4 34. Kf2 d5 35. Bc3 f6 36. f4 Kf7 37. Bb4 h6 38. h4 Kg6 39. Bd6 1/2-1/2

[Event "Steinfurt Bezirksliga 0506"]
[Site "Germany"]
[Date "2005.11.19"]
[Round "3.1"]
[White "Huesmann, Stephan"]
[Black "Weiermann, Ewald"]
[Result "1/2-1/2"]
[WhiteElo "1721"]
[BlackElo "1623"]
[PlyCount "33"]
[EventDate "2005.09.24"]
[EventType "team-tourn"]
[EventRounds "9"]
[EventCountry "GER"]
[SourceTitle "EXT 2006"]
[Source "ChessBase"]
[SourceDate "2005.11.24"]
[SourceVersion "1"]
[SourceVersionDate "2005.11.24"]
[SourceQuality "1"]
[WhiteTeam "Berlin Klein Rheine II"]
[BlackTeam "Steinfurt II"]
[WhiteTeamCountry "GER"]
[BlackTeamCountry "GER"]

1. e4 e6 2. d4 d5 3. Nd2 c5 4. exd5 exd5 5. Ndf3 Nc6 6. Be3 c4 7. g3 Nf6 8. Bg2 Bd6 9. Ne2 0-0 10. Nc3 Re8 11. 0-0 Bf5 12. a3 a6 13. Bg5 Be6 14. Qd2 Be7 15. Rae1 Nd7 16. Bf4 Qb6 17. Rb1 1/2-1/2